Normal view MARC view

Entry Topical Term

Number of records used in: 1

001 - CONTROL NUMBER

  • control field: 755330

003 - CONTROL NUMBER IDENTIFIER

  • control field: OSt

005 - DATE AND TIME OF LATEST TRANSACTION

  • control field: 20250507130404.0

008 - FIXED-LENGTH DATA ELEMENTS

  • fixed length control field: 250507|| aca||aabn | a|a d

040 ## - CATALOGING SOURCE

  • Original cataloging agency: OSt
  • Transcribing agency: OSt

150 ## - HEADING--TOPICAL TERM

  • Topical term or geographic name entry element: Japan - August commemorations; Japan - War stories; Japan - War and the family; Japan - Comfort women; JEL

670 ## - SOURCE DATA FOUND

  • Source citation: Work cat.: (OSt)1319413: Seaton Philip A., Japan's contested war memories: The 'memory rifts' in historical consciousness of World War II, 2007
Copyright @ Delhi University Library System